| 000 | 00993nam a22001577a 4500 | ||
|---|---|---|---|
| 003 | OSt | ||
| 005 | 20151108155931.0 | ||
| 008 | 151108b xxu||||| |||| 00| 0 eng d | ||
| 040 | _cRUA | ||
| 082 | _aFOR HOU 2003 B129 Or.1 | ||
| 100 |
_93490 _aHOUR, HENG. |
||
| 245 | _aThe study of potential to develop tree regeneration by coppicing in community forestry in kampong kor commune preak prasap district compared with planted tree chhlong, សិក្សាស្វែងយល់ពីសក្ដានុពល ដើម្បីអភិវឌ្ឍន៍ដំណុះឈើដោយខ្នែងនៅក្នុងសហគមន៍ព្រៃឈើនៃឃុំកំពង់គរ ស្រុកព្រែកប្រសព្វ ប្រៀបធៀបទៅនឹងដំណុះឈើដាំនភឆ្លូង ស្រុកឆ្លូង ខេត្តក្រចេះ | ||
| 260 |
_aPhnom Penh _bRUA _c2003 |
||
| 300 |
_a48p. _bill. _c29cm. |
||
| 942 |
_2ddc _cFOR |
||
| 999 |
_c3256 _d3256 |
||